Catálogo

Manual de fotografía digital / (Registro nro. 64539)

Detalles MARC
000 -LEADER
fixed length control field 01084cam a2200325 i 4500
001 - CONTROL NUMBER
control field 64539
003 - CONTROL NUMBER IDENTIFIER
control field Mx-PuUPA
005 - DATE AND TIME OF LATEST TRANSACTION
control field 20220801124455.0
008 - FIXED-LENGTH DATA ELEMENTS--GENERAL INFORMATION
fixed length control field 160321s2013 sp gr 000 0 spa d
020 ## - INTERNATIONAL STANDARD BOOK NUMBER
International Standard Book Number 9788426719935
Qualifying information por Marcombo
020 ## - INTERNATIONAL STANDARD BOOK NUMBER
International Standard Book Number 9786077076780
Qualifying information por Alfaomega
040 ## - CATALOGING SOURCE
Original cataloging agency Mx-PuUPA
Transcribing agency Mx-PuUPA
Description conventions rda
Language of cataloging spa
Modifying agency Mx-PuUPA
041 0# - LANGUAGE CODE
Language code of text/sound track or separate title spa
110 2# - MAIN ENTRY--CORPORATE NAME
Corporate name or jurisdiction name as entry element MEDIAactive
245 10 - TITLE STATEMENT
Title Manual de fotografía digital /
Statement of responsibility, etc. MEDIAactive
250 ## - EDITION STATEMENT
Edition statement Primera edición
264 #1 - PRODUCTION, PUBLICATION, DISTRIBUTION, MANUFACTURE, AND COPYRIGHT NOTICE
Place of production, publication, distribution, manufacture [México D.F.] :
Name of producer, publisher, distributor, manufacturer Alfaomega,
Date of production, publication, distribution, manufacture, or copyright notice 2013
264 #1 - PRODUCTION, PUBLICATION, DISTRIBUTION, MANUFACTURE, AND COPYRIGHT NOTICE
Place of production, publication, distribution, manufacture [Barcelona] :
-- Marcombo,
Name of producer, publisher, distributor, manufacturer 2013
300 ## - PHYSICAL DESCRIPTION
Extent 268 páginas :
Other physical details ilustraciones (a color) ;
Dimensions 26 cm
336 ## - CONTENT TYPE
Content type term texto
Content type code txt
Fuente rdacontent
337 ## - MEDIA TYPE
Source rdamedia
Media type term sin medio
Media type code n
338 ## - CARRIER TYPE
Source rdacarrier
Carrier type term volumen
Carrier type code nc
490 0# - SERIES STATEMENT
Series statement Manuales con ejercicios prácticos
650 #7 - SUBJECT ADDED ENTRY--TOPICAL TERM
Source of heading or term armarc
Topical term or geographic name entry element Fotografía
General subdivision Técnicas digitales
650 #7 - SUBJECT ADDED ENTRY--TOPICAL TERM
Source of heading or term armarc
Topical term or geographic name entry element Fotografía
General subdivision Equipo electrónico
650 #7 - SUBJECT ADDED ENTRY--TOPICAL TERM
Source of heading or term armarc
Topical term or geographic name entry element Fotografía
Form subdivision Manuales para aficionados
942 ## - ADDED ENTRY ELEMENTS (KOHA)
Source of classification or shelving scheme Dewey Decimal Classification
Koha item type Libro
Classification part 770
Item part M266
Existencias
Withdrawn status Lost status Source of classification or shelving scheme Damaged status Not for loan Collection code Home library Current library Shelving location Date acquired Total Checkouts Total Renewals Full call number Barcode Date last seen Date last checked out Price effective from Koha item type
    Dewey Decimal Classification     General Tehuacán Tehuacán Sala general 01/08/2022 3 1 770 M266 2013 968000000772 07/05/2026 21/04/2026 01/08/2022 Libro